Responses for Show #6633 - Wednesday, June 19, 2013

Andrew Moore game 3.

Contestants

[<< previous game]

Ravi Saxena, a computer programmer from Chicago, Illinois

Henry Watkins, an actor and comedian originally from Atlanta, Georgia

Andrew Moore, a test prep instructor from Buford, Georgia (whose 2-day cash winnings total $56,802)

[next game >>]

Jeopardy! Round responses

WHERE ARE YOU FROM?
IN THE SPORTS MOVIE'S CAST
BLANK VERSE
WEIGHTS & MEASURES
GOV.
2 Js
(Alex: And finally, we need [*] in each correct response.)
    $200 2
a Harrisburger

Andrew
    $200 19
The Natural

Andrew
    $200 13
(Andrew: What is a [*]?)

raisin

Andrew
    $200 30
cannons

Andrew
    $200 22
the Small Business Administration

Ravi
    $200 29
a jumbo jet

Ravi
    $400 16
Haiti (or the Dominican Republic)

Andrew
    $400 5
Jerry Maguire

Andrew
    $400 15
[Alex reads the blank as "these".]

promises

Henry
    $400 27
Louisiana

Andrew
    $400 21
the National Security Council

Henry
    $400 28
a jumping jack

Andrew
    $600 18
Puerto Rico

Henry
    $600 25
Field of Dreams

Andrew
    $600 23
Tyger, Tyger

Andrew
    $600 26
(Andrew: What are megapixels?)

pixels

AndrewRavi
    $600 11
immigration & customs

Andrew
    $600 7
jujitsu

Henry
    $800 6
a Michigander

Andrew
    $800 10
Caddyshack

Andrew
    $800 24
captain

Andrew
    $800 12
a meter

Ravi
    $800 3
Quarantine

Henry
    $800 8
juju

Andrew
    $2,500 9
St. Croix

Andrew
    $1000 1
Moneyball

Ravi
    $1000 20
(Henry: What is love?)

truth

Henry
Triple Stumper
    $1000 14
troy

Ravi
    $1000 4
sports & nutrition

Andrew
    $1000 17
jojoba

Henry

Scores at the first commercial break (after clue 15):

Andrew Henry Ravi
$7,300 $1,800 $2,800

Scores at the end of the Jeopardy! Round:

Andrew Henry Ravi
$10,300 $2,800 $3,800

Double Jeopardy! Round responses

ASTRONOMERS
"PAN" HANDLING
(Alex: Each correct response will begin with those three letters.)
PAINTING & SCULPTURE
RELATIVE-ITY
ARTIFICIAL
INTELLIGENCE
    $400 25
Hubble

Henry
    $400 28
a panorama

Ravi
    $400 26
Monet

Andrew
    $400 30
Sissy Spacek

Henry
    $400 29
Ahab

Andrew
    $400 27
maps

Ravi
    $800 24
Mars

Henry
    $800 23
a panini

Andrew
    $800 17
Toledo

Ravi
    $800 21
Nicolas Cage

Henry
    $800 22
a heart

Henry
    $800 7
cover

Andrew
    $1200 18
Kepler

Ravi
    $1200 19
pantheon

Ravi
    $1200 1
(Frederic) Remington

Henry
    $1200 20
Beverly Hills

Henry
    $1200 9
neoprene

Andrew
    $1200 6
(Henry: What is
collision with aircraft?)
(Ravi: What is mountains?)

sandstorms

HenryRavi
Triple Stumper
    $2,000 12
(Alex: [*], yes. "Schwarz" for "black" in German.)

a black hole

Andrew
    $1600 10
to pander

Andrew
    $1600 2
Bartholdi

Andrew
    $1600 8
Ira Glass

Andrew
    $1600 15
artificial insemination

Henry
    $1600 4
(Ravi: What are strategists?)

an analyst

HenryRavi
    $2000 11
(William) Herschel

Andrew
    $2000 13
(Ravi: What's a paƱuelo?)

a panatela

Ravi
Triple Stumper
    $4,000 3
Wyeth

Andrew
    $2000 16
Eric Northman

Triple Stumper
    $2000 14
(Grigory) Potemkin

Andrew
    $2000 5
the Mossad

Henry

Scores at the end of the Double Jeopardy! Round:

Andrew Henry Ravi
$28,700 $12,400 $3,000
(lock game)

[wagering suggestions for these scores]

Final Jeopardy! Round responses

WAR NOVELS
RaviWhat is The Red Badge of Courage?
$2,900
HenryWhat is the Red Badge of Courage?
$12,000
AndrewWhat is The red badge of courage?
$3,800
The Red Badge of Courage

Final scores:

Andrew Henry Ravi
$32,500 $24,400 $5,900
3-day champion: $89,302 2nd place: $2,000 3rd place: $1,000

Game dynamics:

Coryat scores:

Andrew Henry Ravi
$24,800 $12,400 $3,000
29 R
(including 3 DDs),
1 W
16 R,
2 W
11 R,
3 W

Combined Coryat: $40,200

[game clues] [game scores] [suggest correction]

Game tape date: 2013-02-12
The J! Archive is created by fans, for fans. Scraping, republication, monetization, and malicious use prohibited; this site may use cookies and collect identifying information. See terms. The Jeopardy! game show and all elements thereof, including but not limited to copyright and trademark thereto, are the property of Jeopardy Productions, Inc. and are protected under law. This website is not affiliated with, sponsored by, or operated by Jeopardy Productions, Inc. Join the discussion at JBoard.tv.